Obálka Náhled e-knihy:
PDF Epub
Pro půjčování e-knih musíte být přihlášeni.
Jak si půjčit online?

Odkaz lidské mysli /

Úvodní díl sci-fi série, ve které se lidstvo snaží převzít zpět vládu nad Zemí.

Uloženo v:
Série:Odkaz lidské mysli, část 1
Hlavní autor: Starý, Radek, 1992- (Autor)
Médium: E-kniha
Jazyk:Czech
Vydáno: V Praze : CooBoo, 2022
Vydání:1. vydání
Témata:
Příbuzné jednotky:Z cyklu:: Odkaz lidské mysli
Tagy:
Žádné tagy
LEADER 02180nam a2200409 i 4500
001 311637
003 CZ PrSKC
005 20260601215709.0
007 ta
008 220902s2022 xr a g 000 f cze d
015 |a cnb003445811 
020 |a 9788076615854  |q (brožováno) :  |c Kč 449,00 
035 |a (OCoLC)1350560736 
040 |a BOG001  |b cze  |d ABG001  |e rda 
072 7 |a 821.162.3-3  |x Česká próza  |2 Konspekt 
080 |a 821.162.3-31  |2 MRF 
080 |a (0:82-311.9)  |2 MRF 
100 1 |a Starý, Radek,  |d 1992-  |7 xx0261079  |4 aut 
245 1 0 |a Odkaz lidské mysli /  |c Radek "Sterakdary" Starý 
250 |a 1. vydání 
264 1 |a V Praze :  |b CooBoo,  |c 2022 
300 |a 379 stran ;  |c 20 cm 
336 |a text  |b txt  |2 rdacontent 
337 |a bez média  |b n  |2 rdamedia 
338 |a svazek  |b nc  |2 rdacarrier 
520 2 |a Úvodní díl sci-fi série, ve které se lidstvo snaží převzít zpět vládu nad Zemí.  |b Na Zemi roku 2043 přistálo mimozemské plavidlo a vypustilo černý sliz rozežírající všechno okolo. Ke zděšení lidstva tato hmota dokázala přebrat kontrolu i nad nejmodernějšími technologiemi. Planetu měli spasit robotičtí ochránci, jenže nastal problém - jejich stvořitelka Molly Griffin veškeré obranné snahy sabotovala. O dvě stovky let později nastává čas, aby si lidé vzali svůj svět zpátky. Nakladatelská anotace. Kráceno. 
655 7 |a české romány  |7 fd133974  |2 czenas 
655 7 |a vědecko-fantastické romány  |7 fd133847  |2 czenas 
655 9 |a Czech fiction  |2 eczenas 
655 9 |a science fiction novels  |2 eczenas 
787 0 8 |i Z cyklu:  |t Odkaz lidské mysli  |g 1 
900 |a ABA001  |b 20 
928 9 |a Albatros Media - CooBoo 
044 |a xr 
910 |a RBIT002 
998 |d 358411  |a https://core.palmknihy.cz/api/books/358411/cover?si7hhx  |b https://core.palmknihy.cz/api/books/358411/cover/400?si7hhx  |c https://core.palmknihy.cz/api/books/358411/cover/50?si7hhx  |e 2034-12-31  |g 384  |i 9788076615854  |j https://core.palmknihy.cz/api/books/358411/preview.epub  |k https://core.palmknihy.cz/api/books/358411/preview.pdf  |l   |q 49  |r 1  |s https://www.palmknihy.cz/kniha/358411  |t ebook  |y 2022  |z 0  |v Odkaz lidské mysli  |w 1 
999 |d 311635